Famous People From Colombia Quiz - Statistics

General Stats
  • This quiz has been taken 745 times
  • The average score is 5 of 10
Answer Stats
Hint Person % Correct
Her "Hips don't Lie" Shakira
98%
Famous Colombian drug lord Pablo Escobar
86%
"One Hundred Years of Solitude" author Gabriel García Márquez
75%
President of Colombia from 2002-2010 Álvaro Uribe
56%
Race car driver known for winning in Formula One and CART Juan Pablo Montoya
49%
Latin Grammy winner known for Ekhymosis and Fíjate Bien Juanes
45%
"En Barranquilla me Quedo" and "Rebelión" are popular songs from this Caribbean music singer Joe Arroyo
41%
Actor and comedian. Moved to the USA when young. Acted in "Carlito's Way" John Leguizamo
24%
First Colombian to play in the World Series in 1997, for the Marlins Edgar Rentería
23%
Baseball infielder won the World Series with the Red Sox. Younger brother of Jolbert Orlando Cabrera
10%
No matching quizzes found
Score Distribution
Percent of People with Each Score
Percentile by Number Answered
Your Score History
You have not taken this quiz